00628nam a2200157 a 4500008004100000050001800041100002300059245004500082260003300127300002400160350000900184700002300193995010300216999001700319952013400336120416s1977 ||||||||||||||||| || u aHF 5415.2 Bla aBlackwell, Roger D10aContemporary cases in consumer behaviour aHinsdale, Ill.bDrydenc1977 axviii, 407p. : ill. a0.00 aTalarzyk, W. Wayne D0.00FCBU-MAIN LIBRARY (Kitwe)H1I0.00UDAMAGEDWJun 3, 2009ZMain Library Open Access Collection c38627d38627 00102lcc4070a001b001cMain Library Open Access Collectiond2022-11-30l0oHF 5415.2 Blap704396r2022-11-30w2022-11-30y002